000 00290nam a2200121Ia 4500
008 240731s9999 xx 000 0 und d
022 _a2165-9087
245 0 _aIntraVital
260 _bTaylor & Francis
856 _uhttps://www.tandfonline.com/loi/kinv20
942 _2ddc
942 _cTFEJ
999 _c77330
_d77330
945 _a1
_bMadushi Gamage
_c1
_dMadushi Gamage